| 000 | 00458nam a2200169Ia 4500 | ||
|---|---|---|---|
| 003 | LK-CoDNM | ||
| 008 | 010623t2009 xxu||||| |||| 00| 1 eng d | ||
| 040 |
_aLK-CoDNM _dLK-CoDNM _eLK-CoDNM |
||
| 041 | _aeng | ||
| 080 | _a294.3 ENC | ||
| 100 | _aMalalasekera,G.P | ||
| 245 | _aEncyclopaedia Of Buddhism | ||
| 260 |
_bDepartment Of Buddhist Affairs _aMinistry Of Religious Affairs _c2009 |
||
| 300 | _b849, 24 cm | ||
| 700 | _aWeeraratne,W.G | ||
| 942 | _cBK | ||
| 999 |
_c128314 _d128314 |
||